Statistics for TOP 10 Most Dangerous Cities in Africa

Click here to take the quiz!

General Stats

  • This quiz has been taken 108 times
  • The average score is 5 of 10

Answer Stats

RankCity% Correct
6.Lagos
92%
7.Cape Town
89%
4.Johannesburg
85%
10.Nairobi
76%
5.Durban
57%
9.Luanda
46%
8.Port Elizabeth
25%
3.Benghazi
11%
2.Pietermaritzburg
1%
1.Rustenburg
1%

Score Distribution

Percentile by Number Answered

Percent of People with Each Score

Your Score History

You have not taken this quiz